[Event "57. Bulgaria ch femenino"]
[Site "Plovdiv BUL"]
[Date "2008.03.23"]
[Round "10.1"]
[White "Genova, Lyubka"]
[Black "Bednikova, Stefi"]
[Result "1-0"]
[WhiteElo "2232"]
[BlackElo "2088"]
[PlyCount "107"]
[EventDate "2008.03.15"]
[EventType "tourn"]
[EventRounds "11"]
[EventCountry "BUL"]
[EventCategory "6"]
[Source "lmi"]
[SourceDate "2008.03.14"]

1. e4 c5 2. Nf3 Nc6 3. d3 e6 4. g3 d6 5. Bg2 Nge7 6. c3 g6 7. O-O Bg7 8. Re1
O-O 9. Be3 Rb8 10. Qd2 b5 11. Bh6 a5 12. Bxg7 Kxg7 13. Na3 b4 14. Nc4 d5 15.
Nce5 Nxe5 16. Nxe5 d4 17. c4 f6 18. Nf3 e5 19. h3 Qc7 20. Re2 Bd7 21. Rf1 h6
22. h4 Nc6 23. Nh2 a4 24. f4 a3 25. b3 Rbe8 26. Ref2 Qc8 27. Qe2 f5 28. h5 exf4
29. gxf4 fxe4 30. Bxe4 Bh3 31. hxg6 Ne7 32. Qh5 Bf5 33. Rg2 Qe6 34. Ng4 Bxg4
35. Rxg4 Nf5 36. Rf2 Rf6 37. Rh2 Rh8 38. Rg5 Nd6 39. Re5 Qd7 40. Rxc5 Nxe4 41.
dxe4 Rxg6+ 42. Rg2 Rxg2+ 43. Kxg2 Rg8 44. Kf3 Kh7 45. Rf5 Qc6 46. Rf7+ Rg7 47.
Qf5+ Qg6 48. Rxg7+ Kxg7 49. Qxg6+ Kxg6 50. c5 Kf6 51. c6 Ke6 52. f5+ Kd6 53. f6
d3 54. f7 1-0

[Event "57. Bulgaria ch femenino"]
[Site "Plovdiv BUL"]
[Date "2008.03.23"]
[Round "10.2"]
[White "Videnova, Iva"]
[Black "Raeva, Elitsa"]
[Result "0-1"]
[WhiteElo "2188"]
[BlackElo "2258"]
[PlyCount "90"]
[EventDate "2008.03.15"]
[EventType "tourn"]
[EventRounds "11"]
[EventCountry "BUL"]
[EventCategory "6"]
[Source "lmi"]
[SourceDate "2008.03.14"]

1. e4 e5 2. Nf3 Nc6 3. Bb5 a6 4. Ba4 Nf6 5. O-O b5 6. Bb3 Be7 7. Re1 O-O 8. c3
Bb7 9. d4 d6 10. d5 Nb8 11. Nbd2 Nbd7 12. Nf1 c6 13. dxc6 Bxc6 14. Ng3 Nc5 15.
Bc2 g6 16. Bh6 Re8 17. h3 Ne6 18. Qd2 Qc7 19. Bb3 Nc5 20. Bc2 Rad8 21. Qe3 a5
22. Rad1 a4 23. Bb1 Ne6 24. a3 d5 25. exd5 Nxd5 26. Qc1 Ndf4 27. Rxd8 Rxd8 28.
Nxe5 Nd5 29. Nxc6 Qxc6 30. Ba2 Qc7 31. c4 Ndf4 32. Bxf4 Nxf4 33. cxb5 Bc5 34.
Re3 Qa7 35. Ne4 Bxe3 36. Qxe3 Qxe3 37. fxe3 Nd3 38. b4 Ne5 39. Nf6+ Kg7 40. Nd5
f5 41. Nc3 Rd3 42. Nd5 Rd2 43. b6 Rxa2 44. b7 Nd7 45. b5 Rxa3 0-1

[Event "57. Bulgaria ch femenino"]
[Site "Plovdiv BUL"]
[Date "2008.03.23"]
[Round "10.3"]
[White "Trifonova, Sandra"]
[Black "Jordanova, Svetla"]
[Result "1/2-1/2"]
[WhiteElo "1957"]
[BlackElo "2145"]
[PlyCount "47"]
[EventDate "2008.03.15"]
[EventType "tourn"]
[EventRounds "11"]
[EventCountry "BUL"]
[EventCategory "6"]
[Source "lmi"]
[SourceDate "2008.03.14"]

1. d4 Nf6 2. Nf3 g6 3. g3 Bg7 4. Bg2 O-O 5. c4 c6 6. Nc3 d5 7. cxd5 cxd5 8. O-O
Ne4 9. Bf4 Nxc3 10. bxc3 Nc6 11. Rb1 b6 12. e4 dxe4 13. Ng5 Ba6 14. Re1 e5 15.
dxe5 Qxd1 16. Rbxd1 Nxe5 17. Bxe4 Rac8 18. Bd5 Nd3 19. Nxf7 Nxe1 20. Ne5+ Kh8
21. Rxe1 Rxc3 22. Nf7+ Kg8 23. Nh6+ Kh8 24. Nf7+ 1/2-1/2

[Event "57. Bulgaria ch femenino"]
[Site "Plovdiv BUL"]
[Date "2008.03.23"]
[Round "10.5"]
[White "Voiska, Margarita"]
[Black "Vladimirova, Maria"]
[Result "1-0"]
[WhiteElo "2333"]
[BlackElo "1971"]
[PlyCount "67"]
[EventDate "2008.03.15"]
[EventType "tourn"]
[EventRounds "11"]
[EventCountry "BUL"]
[EventCategory "6"]
[Source "lmi"]
[SourceDate "2008.03.14"]

1. c4 Nf6 2. Nc3 e6 3. e4 d5 4. e5 d4 5. exf6 dxc3 6. bxc3 Qxf6 7. d4 e5 8. Nf3
Bg4 9. Be2 exd4 10. Bg5 Qg6 11. O-O Bd6 12. cxd4 O-O 13. c5 Bxf3 14. Bxf3 c6
15. cxd6 Qxg5 16. Qb3 b6 17. Rfe1 Qf4 18. Qa3 a5 19. Re7 Na6 20. Bxc6 Rad8 21.
d7 Qxd4 22. Rae1 Nb4 23. Re8 Rxd7 24. Rxf8+ Kxf8 25. Bxd7 Qxd7 26. Qf3 f6 27.
Rd1 Qe7 28. a3 Nc2 29. Qa8+ Kf7 30. Qc6 Nd4 31. Qxb6 Ne2+ 32. Kf1 Nf4 33. Qb3+
Kf8 34. Qb8+ 1-0

[Event "57. Bulgaria ch femenino"]
[Site "Plovdiv BUL"]
[Date "2008.03.23"]
[Round "10.6"]
[White "Nikolova, Adriana"]
[Black "Chilingirova, Pavlina"]
[Result "1-0"]
[WhiteElo "2194"]
[BlackElo "2213"]
[PlyCount "111"]
[EventDate "2008.03.15"]
[EventType "tourn"]
[EventRounds "11"]
[EventCountry "BUL"]
[EventCategory "6"]
[Source "lmi"]
[SourceDate "2008.03.14"]

1. e4 c5 2. Nf3 Nc6 3. d4 cxd4 4. Nxd4 Nf6 5. Nc3 d6 6. Bg5 e6 7. Qd2 a6 8.
O-O-O Bd7 9. f4 Be7 10. Nf3 Qa5 11. e5 Nd5 12. Nxd5 Qxd2+ 13. Rxd2 exd5 14.
Bxe7 Nxe7 15. exd6 Nf5 16. Rxd5 Be6 17. Rd2 O-O-O 18. Ng5 Rxd6 19. Bd3 Rhd8 20.
Nxe6 fxe6 21. Rhd1 Ne3 22. Re1 Nd5 23. f5 Nb4 24. fxe6 Nxa2+ 25. Kb1 Nb4 26. e7
Re8 27. Bf5+ Kc7 28. Rxd6 Kxd6 29. Bxh7 Nc6 30. Bg6 Rxe7 31. Rxe7 Nxe7 32. Be4
b6 33. Kc1 Ke5 34. Bb7 a5 35. Kd2 Nf5 36. Kd3 Nd6 37. Bc6 Nf5 38. Bd7 Nd6 39.
h4 Ne4 40. Bc6 Ng3 41. Kc4 Kd6 42. Bf3 Nf5 43. h5 Nh6 44. Kd4 Nf7 45. Be2 Ne5
46. Ke4 Ke6 47. g4 Nd7 48. g5 Nc5+ 49. Kf4 Na4 50. Bc4+ Ke7 51. b3 Nc3 52. Kf5
b5 53. h6 gxh6 54. gxh6 Kf8 55. Kg6 bxc4 56. h7 1-0

[Event "57. Bulgaria ch femenino"]
[Site "Plovdiv BUL"]
[Date "2008.03.24"]
[Round "11.1"]
[White "Chilingirova, Pavlina"]
[Black "Genova, Lyubka"]
[Result "1/2-1/2"]
[WhiteElo "2213"]
[BlackElo "2232"]
[PlyCount "37"]
[EventDate "2008.03.15"]
[EventType "tourn"]
[EventRounds "11"]
[EventCountry "BUL"]
[EventCategory "6"]
[Source "lmi"]
[SourceDate "2008.03.14"]

1. d4 d5 2. Nf3 Nf6 3. g3 g6 4. Bg2 Bg7 5. O-O O-O 6. c4 c6 7. cxd5 cxd5 8. Nc3
Nc6 9. Bf4 Nh5 10. Ne5 Nxe5 11. Bxe5 e6 12. Bxg7 Nxg7 13. e3 Bd7 14. Qd2 Rc8
15. Rfc1 Qb6 16. Ne2 Rxc1+ 17. Rxc1 Rc8 18. Rxc8+ Bxc8 19. Qc3 1/2-1/2

[Event "57. Bulgaria ch femenino"]
[Site "Plovdiv BUL"]
[Date "2008.03.24"]
[Round "11.3"]
[White "Velcheva, Maria"]
[Black "Voiska, Margarita"]
[Result "1-0"]
[WhiteElo "2266"]
[BlackElo "2333"]
[PlyCount "95"]
[EventDate "2008.03.15"]
[EventType "tourn"]
[EventRounds "11"]
[EventCountry "BUL"]
[EventCategory "6"]
[Source "lmi"]
[SourceDate "2008.03.14"]

1. e4 c5 2. Nf3 Nc6 3. d4 cxd4 4. Nxd4 e5 5. Nb5 d6 6. N1c3 a6 7. Na3 b5 8. Nd5
Rb8 9. c4 b4 10. Nc2 a5 11. Bd3 Be7 12. O-O Nf6 13. b3 O-O 14. f4 exf4 15. Bxf4
Nxd5 16. exd5 Ne5 17. Nd4 Bf6 18. Bxe5 Bxe5 19. Nc6 Qh4 20. Nxe5 Qd4+ 21. Kh1
dxe5 22. Qc2 g6 23. Rad1 Qc5 24. Rde1 Re8 25. Qf2 Qxf2 26. Rxf2 f5 27. g4 e4
28. c5 Kg7 29. Kg2 Bb7 30. Bc4 Rbd8 31. c6 Bc8 32. g5 h6 33. gxh6+ Kxh6 34. a3
Kg5 35. axb4 axb4 36. Ra2 f4 37. Ra4 Bg4 38. Rxb4 f3+ 39. Kg3 Rh8 40. Rxe4 Rh3+
41. Kf2 Rxh2+ 42. Ke3 f2 43. c7 Rf8 44. Rxg4+ Kxg4 45. Be2+ Kg5 46. Rb8 Rhh8
47. Rxf8 Rxf8 48. d6 1-0

[Event "57. Bulgaria ch femenino"]
[Site "Plovdiv BUL"]
[Date "2008.03.24"]
[Round "11.6"]
[White "Bednikova, Stefi"]
[Black "Videnova, Iva"]
[Result "0-1"]
[WhiteElo "2088"]
[BlackElo "2188"]
[PlyCount "42"]
[EventDate "2008.03.15"]
[EventType "tourn"]
[EventRounds "11"]
[EventCountry "BUL"]
[EventCategory "6"]
[Source "lmi"]
[SourceDate "2008.03.14"]

1. e4 c5 2. Nf3 d6 3. d4 Nf6 4. Nc3 cxd4 5. Nxd4 g6 6. Bc4 Bg7 7. f3 O-O 8. Be3
Nc6 9. Qd2 Bd7 10. O-O-O Rb8 11. Nd5 Ne5 12. Bb3 b5 13. Bg5 Nxd5 14. Bxd5 Nc4
15. Bxc4 bxc4 16. c3 Qa5 17. Bxe7 Qxa2 18. Qc2 Bh6+ 19. Rd2 Qa1+ 20. Qb1 Bxd2+
21. Kxd2 Rxb2+ 0-1